000 00332nam a2200145Ia 4500
005 20251222152043.0
008 251222s9999||||xx |||||||||||||| ||spa||
020 _a8422631520
082 _a813.54/K74
100 _aKoontz, Dean R.
245 0 _aRelámpagos
250 _a1ra.ed.
264 _bCĂ­rculo de Lectores
942 _cLIB
999 _c26134
_d26134